000 00493nam a22001697a 4500
005 20251108164324.0
008 250721s9999 xx 000 0 ara d
082 1 4 _a430.7/ألم
245 1 0 _aالألمانية في خمسة أيام بدون معلم /
264 _c[19-].
300 _a144ص
490 0 _aسلسلة تعليم اللغات الميسرة بدون معلم
650 1 7 _aاللغة الألمانية
650 1 7 _aالتعلم
942 _2ddc
_cBK
999 _c9274
_d9274